[Event "European School Championships"]
[Site "Rhodes, Greece"]
[Date "2022.04.25"]
[Round "5.2"]
[White "Eshkol, Lilian"]
[Black "Susin, Derya Defne"]
[Result "0-1"]
[WhiteElo "1636"]
[BlackElo "1297"]
[PlyCount "82"]
[EventDate "2022.04.21"]
[EventRounds "9"]

1. d4 {[%emt 0:00:07]} Nf6 {[%emt 0:00:28]} 2. c4 {[%emt 0:00:41]} e6 {[%emt 0:
02:27]} 3. Nc3 {[%emt 0:01:25]} Bb4 {[%emt 0:00:16]} 4. Qc2 {[%emt 0:01:16]} c5
{[%emt 0:01:10]} 5. e3 {[%emt 0:00:49]} O-O {[%emt 0:02:21]} 6. Nf3 {[%emt 0:
02:13]} d5 {[%emt 0:04:22]} 7. Bd3 {[%emt 0:05:58]} cxd4 {[%emt 0:07:34]} 8.
exd4 {[%emt 0:00:42]} dxc4 {[%emt 0:02:01]} 9. Bxc4 {[%emt 0:00:15]} Nc6 {
[%emt 0:01:36]} 10. Qd3 {[%emt 0:11:02]} a6 {[%emt 0:07:28]} 11. a3 {[%emt 0:
11:02]} Be7 {[%emt 0:04:44]} 12. O-O {[%emt 0:03:11]} b5 {[%emt 0:03:16]} 13.
Bb3 {[%emt 0:05:17]} Bb7 {[%emt 0:05:56]} 14. Bg5 {[%emt 0:04:40]} h6 {[%emt 0:
21:43]} 15. Bxf6 {[%emt 0:11:46]} Bxf6 {[%emt 0:00:49]} 16. Bc2 {[%emt 0:00:35]
} g6 {[%emt 0:03:18]} 17. Rad1 {[%emt 0:09:19]} Ne7 {[%emt 0:08:08]} 18. Ne4 {
[%emt 0:10:49]} Bg7 19. Rfe1 {[%emt 0:04:07]} Qb6 {[%emt 0:02:49]} 20. Nc5 {
[%emt 0:02:34]} Bc6 {[%emt 0:03:38]} 21. Bb3 {[%emt 0:03:30]} Rad8 {[%emt 0:06:
39]} 22. Nxe6 {[%emt 0:05:28]} Bxf3 {[%emt 0:06:47]} 23. gxf3 {[%emt 0:02:40]}
Qd6 {[%emt 0:00:56]} 24. Nxf8 {[%emt 0:01:31]} Kxf8 {[%emt 0:00:21]} 25. Qe4 {
[%emt 0:00:48]} Nf5 {[%emt 0:00:30]} 26. Qb7 {[%emt 0:01:02]} Rd7 {[%emt 0:00:
33]} 27. Qc8+ {[%emt 0:00:15]} Rd8 {[%emt 0:00:06]} 28. Qc5 {[%emt 0:00:58]}
Nh4 {[%emt 0:00:58]} 29. Rd3 {[%emt 0:01:53]} Qxc5 {[%emt 0:00:17]} 30. dxc5 {
[%emt 0:00:09]} Rxd3 {[%emt 0:00:05]} 31. Bd1 {[%emt 0:01:51]} Bxb2 {[%emt 0:
00:45]} 32. c6 {[%emt 0:01:01]} Nxf3+ {[%emt 0:00:41]} 33. Bxf3 {[%emt 0:00:11]
} Rxf3 {[%emt 0:00:01]} 34. c7 {[%emt 0:00:41]} Rc3 {[%emt 0:00:10]} 35. Re2 {
[%emt 0:00:42]} Bxa3 {[%emt 0:00:19]} 36. Ra2 {[%emt 0:00:16]} b4 {[%emt 0:00:
19]} 37. Kf1 {[%emt 0:00:35]} Rxc7 {[%emt 0:00:06]} 38. Ke2 {[%emt 0:00:11]} a5
{[%emt 0:00:20]} 39. Kd3 {[%emt 0:00:23]} a4 {[%emt 0:00:17]} 40. Kd4 {[%emt 0:
00:37]} b3 {[%emt 0:00:33]} 41. Rxa3 {[%emt 0:00:12]} b2 {[%emt 0:00:11]} 0-1

[Event "European School Championships"]
[Site "Rhodes, Greece"]
[Date "2022.04.25"]
[Round "5.3"]
[White "Abbasova, Zarifa"]
[Black "Keskinler, Ela"]
[Result "0-1"]
[WhiteElo "1497"]
[BlackElo "1434"]
[PlyCount "104"]
[EventDate "2022.04.21"]
[EventRounds "9"]

1. e4 {[%emt 0:00:22]} e6 {[%emt 0:00:11]} 2. d4 {[%emt 0:00:05]} d5 {[%emt 0:
00:05]} 3. Nd2 {[%emt 0:00:03]} Be7 {[%emt 0:00:07]} 4. Bd3 {[%emt 0:00:05]}
Nf6 {[%emt 0:00:07]} 5. e5 {[%emt 0:00:26]} Nfd7 {[%emt 0:01:09]} 6. Ne2 {
[%emt 0:00:06]} c5 {[%emt 0:00:22]} 7. c3 {[%emt 0:00:08]} Nc6 {[%emt 0:00:55]}
8. O-O {[%emt 0:00:13]} g5 {[%emt 0:05:31]} 9. f4 {[%emt 0:17:03]} g4 {[%emt 0:
01:48]} 10. f5 {[%emt 0:03:29]} exf5 {[%emt 0:01:58]} 11. Bxf5 {[%emt 0:01:01]}
Nf8 {[%emt 0:02:56]} 12. Bxc8 {[%emt 0:02:30]} Rxc8 {[%emt 0:03:52]} 13. Rf5 {
[%emt 0:08:01]} Ne6 {[%emt 0:04:52]} 14. Nb3 {[%emt 0:06:53]} cxd4 {[%emt 0:08:
20]} 15. cxd4 {[%emt 0:05:05]} a5 {[%emt 0:01:08]} 16. Be3 {[%emt 0:07:43]} Ng7
{[%emt 0:03:49]} 17. Rf2 {[%emt 0:02:00]} Rc7 {[%emt 0:30:36]} 18. Ng3 {
[%emt 0:03:51]} h5 {[%emt 0:02:30]} 19. Nf5 {[%emt 0:01:28]} Nxf5 {[%emt 0:02:
22]} 20. Rxf5 {[%emt 0:00:34]} Qc8 {[%emt 0:00:39]} 21. Qf1 {[%emt 0:01:51]}
Nb4 {[%emt 0:01:36]} 22. Qb5+ {[%emt 0:09:22]} Qd7 {[%emt 0:03:38]} 23. Qxd7+ {
[%emt 0:02:18]} Rxd7 {[%emt 0:05:47]} 24. Rc1 {[%emt 0:03:32]} a4 {[%emt 0:04:
27]} 25. Nc5 {[%emt 0:02:51]} Rc7 {[%emt 0:03:16]} 26. Nxa4 {[%emt 0:05:43]}
Rxc1+ {[%emt 0:00:12]} 27. Bxc1 {[%emt 0:00:04]} Nxa2 {[%emt 0:00:17]} 28. Bd2
{[%emt 0:00:44]} Bb4 {[%emt 0:03:17]} 29. Bg5 {[%emt 0:03:19]} Be7 {[%emt 0:01:
29]} 30. Bd2 {[%emt 0:03:35]} Bb4 {[%emt 0:01:23]} 31. Be3 {[%emt 0:00:10]} Be7
{[%emt 0:01:22]} 32. Nb6 {[%emt 0:00:36]} Nb4 {[%emt 0:00:02]} 33. Bd2 {
[%emt 0:01:16]} Nc2 {[%emt 0:01:12]} 34. Rf4 {[%emt 0:01:16]} Nxd4 {[%emt 0:00:
56]} 35. Kf1 {[%emt 0:00:59]} Nb3 {[%emt 0:00:33]} 36. Bc3 {[%emt 0:01:01]} d4
{[%emt 0:00:20]} 37. Be1 {[%emt 0:02:56]} d3 {[%emt 0:00:54]} 38. Nc4 {[%emt 0:
02:13]} Rh6 {[%emt 0:02:10]} 39. Nd2 {[%emt 0:01:03]} Bg5 {[%emt 0:00:43]} 40.
Rf2 {[%emt 0:00:25]} Rb6 {[%emt 0:01:15]} 41. Nxb3 {[%emt 0:04:56]} Rxb3 {
[%emt 0:00:20]} 42. Bc3 {[%emt 0:04:08]} b5 {[%emt 0:02:25]} 43. g3 {[%emt 0:
04:05]} Be3 {[%emt 0:02:31]} 44. Rg2 {[%emt 0:01:00]} b4 {[%emt 0:00:13]} 45.
Bd2 {[%emt 0:00:41]} Bd4 {[%emt 0:00:10]} 46. Bc1 {[%emt 0:01:18]} Ke7 {
[%emt 0:00:34]} 47. Ke1 {[%emt 0:01:04]} Ke6 {[%emt 0:00:15]} 48. Kd1 {[%emt 0:
01:06]} Kxe5 {[%emt 0:00:44]} 49. Rd2 {[%emt 0:00:41]} Ke4 {[%emt 0:00:21]} 50.
Ke1 {[%emt 0:00:24]} Bc3 {[%emt 0:04:01]} 51. bxc3 {[%emt 0:00:21]} bxc3 {
[%emt 0:00:06]} 52. Rf2 {[%emt 0:03:33]} Rb1 {[%emt 0:00:15]} 0-1

[Event "European School Championships"]
[Site "Rhodes, Greece"]
[Date "2022.04.25"]
[Round "5.4"]
[White "Mgeladze, Kesaria"]
[Black "Ozsoy, Idil Mira"]
[Result "1/2-1/2"]
[WhiteElo "1663"]
[BlackElo "2034"]
[PlyCount "216"]
[EventDate "2022.04.21"]
[EventRounds "9"]

1. e4 {[%emt 0:00:03]} c5 {[%emt 0:00:05]} 2. Nf3 {[%emt 0:00:21]} Nc6 {
[%emt 0:00:05]} 3. Nc3 {[%emt 0:01:15]} g6 {[%emt 0:01:01]} 4. d4 {[%emt 0:01:
12]} cxd4 {[%emt 0:00:37]} 5. Nxd4 {[%emt 0:00:15]} Bg7 {[%emt 0:00:11]} 6. Be3
{[%emt 0:03:41]} Nf6 {[%emt 0:06:44]} 7. Nxc6 {[%emt 0:04:36]} bxc6 {[%emt 0:
00:42]} 8. e5 {[%emt 0:02:18]} Ng8 {[%emt 0:02:09]} 9. f4 {[%emt 0:04:33]} Nh6
{[%emt 0:06:40]} 10. Bd3 {[%emt 0:06:36]} O-O {[%emt 0:04:30]} 11. Qd2 {
[%emt 0:27:49]} d5 {[%emt 0:08:53]} 12. exd6 {[%emt 0:03:49]} exd6 {[%emt 0:00:
36]} 13. O-O-O {[%emt 0:00:57]} Qa5 {[%emt 0:15:07]} 14. Bc4 {[%emt 0:14:46]}
d5 {[%emt 0:09:09]} 15. Bb3 {[%emt 0:01:25]} Bg4 {[%emt 0:02:59]} 16. Ne2 {
[%emt 0:08:18]} Qc7 {[%emt 0:16:56]} 17. Rde1 {[%emt 0:07:11]} a5 {[%emt 0:01:
13]} 18. a4 {[%emt 0:02:04]} Bxe2 {[%emt 0:02:17]} 19. Rxe2 {[%emt 0:00:22]} d4
{[%emt 0:01:18]} 20. Bf2 {[%emt 0:02:25]} c5 {[%emt 0:00:35]} 21. Bd5 {[%emt 0:
03:53]} Rab8 {[%emt 0:02:01]} 22. Bg3 {[%emt 0:01:09]} d3 {[%emt 0:13:30]} 23.
Qxd3 {[%emt 0:00:04]} Bxb2+ {[%emt 0:00:24]} 24. Kd2 {[%emt 0:00:11]} Rbd8 {
[%emt 0:01:34]} 25. c4 {[%emt 0:01:18]} Bg7 {[%emt 0:02:08]} 26. Rb1 {[%emt 0:
00:17]} Nf5 {[%emt 0:00:15]} 27. Ke1 {[%emt 0:01:43]} Rb8 {[%emt 0:00:51]} 28.
Rb5 {[%emt 0:00:36]} Nd4 {[%emt 0:00:26]} 29. f5 {[%emt 0:00:21]} Nxb5 {
[%emt 0:00:49]} 30. Bxc7 {[%emt 0:00:35]} Nxc7 {[%emt 0:00:01]} 31. Re7 {
[%emt 0:00:55]} Nxd5 {[%emt 0:00:34]} 32. Qxd5 {[%emt 0:00:19]} Bd4 {[%emt 0:
00:46]} 33. g4 {[%emt 0:00:52]} Rb1+ {[%emt 0:00:26]} 34. Ke2 {[%emt 0:00:04]}
Rb2+ {[%emt 0:00:15]} 35. Kf3 {[%emt 0:00:07]} Rf2+ {[%emt 0:00:57]} 36. Kg3 {
[%emt 0:00:04]} Rd2 {[%emt 0:00:14]} 37. Qb7 {[%emt 0:00:38]} Rb2 {[%emt 0:01:
02]} 38. Qa6 {[%emt 0:00:27]} Rb4 {[%emt 0:00:15]} 39. Qxa5 {[%emt 0:00:32]}
Rxc4 {[%emt 0:00:05]} 40. Qb5 {[%emt 0:00:32]} Rc3+ {[%emt 0:00:26]} 41. Kg2 {
[%emt 0:00:45]} Rc2+ {[%emt 0:03:31]} 42. Re2 {[%emt 0:02:55]} Rxe2+ {[%emt 0:
01:07]} 43. Qxe2 {[%emt 0:00:04]} Rc8 {[%emt 0:01:53]} 44. Qc4 {[%emt 0:00:53]}
Rb8 {[%emt 0:00:56]} 45. a5 {[%emt 0:01:34]} Rb4 {[%emt 0:01:28]} 46. Qd5 {
[%emt 0:01:29]} Ra4 {[%emt 0:02:25]} 47. Qd8+ {[%emt 0:03:43]} Kg7 {[%emt 0:00:
05]} 48. Qb6 {[%emt 0:00:15]} Ra2+ {[%emt 0:04:41]} 49. Kf3 {[%emt 0:00:22]}
gxf5 {[%emt 0:12:20]} 50. gxf5 {[%emt 0:00:56]} Ra3+ {[%emt 0:01:00]} 51. Ke4 {
[%emt 0:01:45]} Re3+ {[%emt 0:01:16]} 52. Kd5 {[%emt 0:00:05]} Re5+ {[%emt 0:
00:28]} 53. Kc4 {[%emt 0:00:04]} Rxf5 {[%emt 0:01:52]} 54. a6 {[%emt 0:00:04]}
Bf6 {[%emt 0:02:05]} 55. a7 {[%emt 0:00:38]} Rf4+ {[%emt 0:00:28]} 56. Kb3 {
[%emt 0:00:05]} c4+ {[%emt 0:01:20]} 57. Kc2 {[%emt 0:00:22]} Bd4 {[%emt 0:00:
30]} 58. Qxd4+ {[%emt 0:01:17]} Rxd4 {[%emt 0:00:04]} 59. a8=Q {[%emt 0:00:07]}
Rh4 {[%emt 0:00:23]} 60. Qb8 {[%emt 0:01:44]} Re4 {[%emt 0:02:00]} 61. Qg3+ {
[%emt 0:01:06]} Kf8 {[%emt 0:00:42]} 62. Qd6+ {[%emt 0:00:18]} Kg7 {[%emt 0:00:
17]} 63. Qd5 {[%emt 0:00:13]} Rg4 {[%emt 0:00:47]} 64. h3 {[%emt 0:00:28]} Rg6
{[%emt 0:00:28]} 65. Qxc4 {[%emt 0:00:07]} Re6 {[%emt 0:01:04]} 66. Kd3 {
[%emt 0:00:49]} Rd6+ {[%emt 0:00:28]} 67. Ke4 {[%emt 0:00:33]} Re6+ {[%emt 0:
00:33]} 68. Kd5 {[%emt 0:00:08]} Rg6 {[%emt 0:00:34]} 69. h4 {[%emt 0:00:25]}
Re6 {[%emt 0:00:56]} 70. h5 {[%emt 0:00:34]} Rh6 {[%emt 0:00:31]} 71. Qg4+ {
[%emt 0:00:07]} Kf8 {[%emt 0:00:20]} 72. Qg5 {[%emt 0:00:14]} Ra6 {[%emt 0:00:
29]} 73. Kc4 {[%emt 0:00:44]} h6 {[%emt 0:00:51]} 74. Qc5+ {[%emt 0:00:58]} Kg7
{[%emt 0:00:21]} 75. Qe5+ {[%emt 0:00:37]} Kf8 {[%emt 0:00:33]} 76. Qb8+ {
[%emt 0:02:12]} Kg7 {[%emt 0:00:10]} 77. Qb2+ {[%emt 0:01:36]} Kf8 {[%emt 0:00:
33]} 78. Kd5 {[%emt 0:01:04]} Re6 {[%emt 0:00:46]} 79. Qh8+ {[%emt 0:00:29]}
Ke7 {[%emt 0:00:02]} 80. Qg8 {[%emt 0:00:19]} Rd6+ {[%emt 0:00:18]} 81. Ke5 {
[%emt 0:00:11]} Re6+ {[%emt 0:00:10]} 82. Kf5 {[%emt 0:00:07]} Rf6+ {[%emt 0:
00:34]} 83. Kg4 {[%emt 0:00:11]} Re6 {[%emt 0:00:36]} 84. Qg7 {[%emt 0:00:18]}
Rf6 {[%emt 0:00:27]} 85. Qh8 {[%emt 0:00:06]} Rd6 {[%emt 0:01:17]} 86. Qe5+ {
[%emt 0:00:24]} Re6 {[%emt 0:00:15]} 87. Qc7+ {[%emt 0:00:05]} Kf8 {[%emt 0:00:
36]} 88. Kf5 {[%emt 0:00:06]} Kg7 {[%emt 0:00:38]} 89. Qd8 {[%emt 0:00:37]} Rc6
{[%emt 0:00:34]} 90. Qd4+ {[%emt 0:00:45]} Kf8 {[%emt 0:00:29]} 91. Qb4+ {
[%emt 0:00:50]} Kg7 {[%emt 0:00:20]} 92. Qb2+ {[%emt 0:00:22]} Kf8 {[%emt 0:00:
25]} 93. Qa3+ {[%emt 0:00:11]} Kg7 {[%emt 0:00:39]} 94. Qa1+ {[%emt 0:00:14]}
Kh7 {[%emt 0:00:38]} 95. Qa8 {[%emt 0:00:44]} Rf6+ {[%emt 0:00:20]} 96. Kg4 {
[%emt 0:00:34]} Re6 {[%emt 0:00:53]} 97. Qf8 {[%emt 0:00:11]} Rf6 {[%emt 0:00:
09]} 98. Qe7 {[%emt 0:00:05]} Rf1 {[%emt 0:00:35]} 99. Qd7 {[%emt 0:00:45]} Kg7
{[%emt 0:00:44]} 100. Qd4+ {[%emt 0:00:18]} Kg8 {[%emt 0:00:26]} 101. Qe5 {
[%emt 0:00:39]} Rg1+ {[%emt 0:00:40]} 102. Kf4 {[%emt 0:00:34]} Rf1+ {[%emt 0:
00:18]} 103. Kg3 {[%emt 0:00:12]} Rg1+ {[%emt 0:00:07]} 104. Kf2 {[%emt 0:00:
16]} Rg5 {[%emt 0:00:09]} 105. Qe2 {[%emt 0:00:15]} Kg7 {[%emt 0:00:18]} 106.
Qb2+ {[%emt 0:00:14]} Kg8 {[%emt 0:00:19]} 107. Qe2 {[%emt 0:01:05]} Kg7 {
[%emt 0:00:05]} 108. Qf3 {[%emt 0:00:21]} Kg8 {[%emt 0:00:24]} 1/2-1/2

[Event "European School Championships"]
[Site "Rhodes, Greece"]
[Date "2022.04.26"]
[Round "6.1"]
[White "Ozsoy, Idil Mira"]
[Black "Kirtadze, Anastasia"]
[Result "0-1"]
[WhiteElo "2034"]
[BlackElo "1783"]
[PlyCount "76"]
[EventDate "2022.04.21"]
[EventRounds "9"]

1. e4 {[%emt 0:00:12]} c5 2. Nf3 {[%emt 0:00:04]} e6 {[%emt 0:00:06]} 3. c3 {
[%emt 0:00:04]} d5 {[%emt 0:00:03]} 4. exd5 {[%emt 0:00:05]} Qxd5 {[%emt 0:00:
07]} 5. d4 {[%emt 0:00:15]} Nf6 {[%emt 0:00:16]} 6. Be2 {[%emt 0:00:35]} Nc6 {
[%emt 0:01:03]} 7. O-O {[%emt 0:00:24]} cxd4 {[%emt 0:01:31]} 8. cxd4 {[%emt 0:
00:07]} Be7 {[%emt 0:00:13]} 9. Be3 {[%emt 0:01:02]} O-O {[%emt 0:00:51]} 10.
Nc3 {[%emt 0:00:26]} Qd6 {[%emt 0:01:04]} 11. Qb3 {[%emt 0:01:50]} b6 {[%emt 0:
09:41]} 12. Rfd1 {[%emt 0:07:41]} Bb7 {[%emt 0:01:30]} 13. Rac1 {[%emt 0:09:58]
} Rac8 {[%emt 0:02:16]} 14. a3 {[%emt 0:03:15]} Rfd8 {[%emt 0:02:17]} 15. Rd2 {
[%emt 0:10:04]} Na5 {[%emt 0:13:01]} 16. Qd1 {[%emt 0:06:19]} Nd5 {[%emt 0:01:
32]} 17. Nb5 {[%emt 0:03:10]} Qb8 {[%emt 0:01:26]} 18. Rdc2 {[%emt 0:02:55]} a6
{[%emt 0:11:40]} 19. Nc3 {[%emt 0:01:22]} Nf4 {[%emt 0:05:32]} 20. b4 {[%emt 0:
15:58]} Nxe2+ {[%emt 0:07:26]} 21. Qxe2 {[%emt 0:00:35]} Nc4 {[%emt 0:00:27]}
22. Ra2 {[%emt 0:02:12]} b5 {[%emt 0:01:00]} 23. Nd2 {[%emt 0:06:42]} Bf6 {
[%emt 0:01:35]} 24. Nb3 {[%emt 0:02:34]} Qa8 {[%emt 0:10:05]} 25. Qg4 {[%emt 0:
05:28]} h5 {[%emt 0:02:18]} 26. Qg3 {[%emt 0:00:50]} e5 {[%emt 0:01:40]} 27.
Ne2 {[%emt 0:06:34]} Bd5 {[%emt 0:04:29]} 28. Bg5 {[%emt 0:03:47]} Bxg5 {
[%emt 0:05:30]} 29. Qxg5 {[%emt 0:00:01]} Rd6 {[%emt 0:00:02]} 30. f3 {[%emt 0:
07:27]} Rg6 {[%emt 0:02:22]} 31. Qxg6 {[%emt 0:00:30]} fxg6 {[%emt 0:00:08]}
32. Nc5 {[%emt 0:00:53]} Rf8 {[%emt 0:00:41]} 33. Rc3 {[%emt 0:01:20]} h4 {
[%emt 0:01:21]} 34. h3 {[%emt 0:01:07]} e4 {[%emt 0:00:44]} 35. fxe4 {[%emt 0:
00:59]} Bxe4 {[%emt 0:00:08]} 36. Nxe4 {[%emt 0:00:45]} Qxe4 {[%emt 0:00:06]}
37. Rc1 {[%emt 0:00:46]} Qe3+ {[%emt 0:01:33]} 38. Kh2 {[%emt 0:00:25]} Rf2 {
[%emt 0:00:25]} 0-1

[Event "European School Championships"]
[Site "Rhodes, Greece"]
[Date "2022.04.26"]
[Round "6.2"]
[White "Keskinler, Ela"]
[Black "Susin, Derya Defne"]
[Result "1/2-1/2"]
[WhiteElo "1434"]
[BlackElo "1297"]
[PlyCount "133"]
[EventDate "2022.04.21"]
[EventRounds "9"]

1. e4 {[%emt 0:00:02]} c5 {[%emt 0:00:06]} 2. Nf3 {[%emt 0:00:12]} e6 {[%emt 0:
00:24]} 3. b3 {[%emt 0:00:11]} Nf6 {[%emt 0:01:33]} 4. e5 {[%emt 0:00:31]} Nd5
{[%emt 0:01:43]} 5. Bb2 {[%emt 0:00:33]} Nc6 {[%emt 0:04:28]} 6. g3 {[%emt 0:
02:35]} b6 {[%emt 0:02:46]} 7. Bg2 {[%emt 0:01:27]} Bb7 {[%emt 0:01:14]} 8. O-O
{[%emt 0:02:11]} g6 {[%emt 0:02:22]} 9. Re1 {[%emt 0:00:47]} Bg7 {[%emt 0:01:
54]} 10. c4 {[%emt 0:02:46]} Nde7 {[%emt 0:07:28]} 11. Nc3 {[%emt 0:02:53]} d6
{[%emt 0:10:00]} 12. Nb5 {[%emt 0:21:04]} dxe5 {[%emt 0:05:55]} 13. Nxe5 {
[%emt 0:01:38]} O-O {[%emt 0:02:36]} 14. Qe2 {[%emt 0:10:45]} a6 {[%emt 0:06:
22]} 15. Nxc6 {[%emt 0:01:26]} Nxc6 {[%emt 0:14:05]} 16. Bxg7 {[%emt 0:01:54]}
Kxg7 {[%emt 0:00:40]} 17. Bxc6 {[%emt 0:01:11]} Bxc6 {[%emt 0:00:15]} 18. Nc3 {
[%emt 0:12:31]} Qd4 {[%emt 0:04:02]} 19. Rad1 {[%emt 0:04:10]} Rad8 {[%emt 0:
02:52]} 20. Qe3 {[%emt 0:03:11]} Rd7 {[%emt 0:04:04]} 21. Ne2 {[%emt 0:02:55]}
Qxe3 {[%emt 0:02:19]} 22. fxe3 {[%emt 0:00:09]} Rfd8 {[%emt 0:04:11]} 23. d4 {
[%emt 0:01:42]} Bf3 {[%emt 0:01:57]} 24. Rd3 {[%emt 0:04:09]} Bxe2 {[%emt 0:02:
12]} 25. Rxe2 {[%emt 0:00:04]} cxd4 {[%emt 0:02:01]} 26. Red2 {[%emt 0:00:11]}
e5 {[%emt 0:02:08]} 27. b4 {[%emt 0:00:55]} Kf6 {[%emt 0:02:38]} 28. c5 {
[%emt 0:01:13]} bxc5 {[%emt 0:01:40]} 29. bxc5 {[%emt 0:00:06]} Ke6 {[%emt 0:
01:55]} 30. c6 {[%emt 0:02:28]} Rc7 {[%emt 0:01:02]} 31. exd4 {[%emt 0:00:33]}
Rxd4 {[%emt 0:00:46]} 32. Rxd4 {[%emt 0:00:23]} exd4 {[%emt 0:00:03]} 33. Rxd4
{[%emt 0:00:01]} Rxc6 {[%emt 0:00:15]} 34. Ra4 {[%emt 0:00:19]} f5 {[%emt 0:01:
06]} 35. Kg2 {[%emt 0:01:31]} Ke5 {[%emt 0:02:39]} 36. Kh3 {[%emt 0:00:55]} g5
{[%emt 0:01:09]} 37. Ra5+ {[%emt 0:01:23]} Ke4 {[%emt 0:03:03]} 38. Ra3 {
[%emt 0:01:48]} f4 {[%emt 0:01:30]} 39. gxf4 {[%emt 0:00:47]} gxf4 {[%emt 0:00:
12]} 40. Ra4+ {[%emt 0:02:08]} Kf5 {[%emt 0:02:08]} 41. Ra5+ {[%emt 0:00:14]}
Ke4 {[%emt 0:05:18]} 42. Ra4+ {[%emt 0:01:43]} Kf3 {[%emt 0:00:32]} 43. Ra3+ {
[%emt 0:00:13]} Ke2 {[%emt 0:00:35]} 44. Rb3 {[%emt 0:07:10]} Rc2 {[%emt 0:13:
26]} 45. Kg4 {[%emt 0:00:42]} Rc4 {[%emt 0:00:44]} 46. Rb2+ {[%emt 0:00:28]}
Ke3 {[%emt 0:01:49]} 47. Rb3+ {[%emt 0:00:24]} Kd2 {[%emt 0:01:30]} 48. Rf3 {
[%emt 0:00:22]} a5 {[%emt 0:01:29]} 49. Rxf4 {[%emt 0:01:24]} Rxf4+ {[%emt 0:
00:28]} 50. Kxf4 {[%emt 0:00:08]} a4 {[%emt 0:00:47]} 51. Kg5 {[%emt 0:00:29]}
Kc2 {[%emt 0:00:36]} 52. Kh6 {[%emt 0:00:17]} Kb2 {[%emt 0:00:16]} 53. Kxh7 {
[%emt 0:00:05]} Kxa2 {[%emt 0:00:04]} 54. Kg8 {[%emt 0:00:29]} Kb3 {[%emt 0:00:
24]} 55. h4 {[%emt 0:00:07]} a3 {[%emt 0:00:04]} 56. h5 {[%emt 0:00:03]} a2 {
[%emt 0:00:06]} 57. h6 {[%emt 0:00:05]} a1=Q {[%emt 0:00:16]} 58. h7 {[%emt 0:
00:05]} Qg1+ {[%emt 0:01:14]} 59. Kh8 {[%emt 0:00:07]} Qd4+ {[%emt 0:01:34]}
60. Kg8 {[%emt 0:00:06]} Qc4+ {[%emt 0:01:16]} 61. Kg7 {[%emt 0:01:13]} Qd4+ {
[%emt 0:00:15]} 62. Kg8 {[%emt 0:00:06]} Qd5+ {[%emt 0:01:10]} 63. Kg7 {
[%emt 0:00:19]} Qe5+ {[%emt 0:00:40]} 64. Kg8 {[%emt 0:00:16]} Qe8+ {[%emt 0:
04:27]} 65. Kg7 {[%emt 0:00:10]} Qe7+ {[%emt 0:00:04]} 66. Kg8 {[%emt 0:00:06]}
Qxh7+ {[%emt 0:00:32]} 67. Kxh7 {[%emt 0:00:06]} 1/2-1/2

[Event "European School Championships"]
[Site "Rhodes, Greece"]
[Date "2022.04.26"]
[Round "6.3"]
[White "Tsetskhladze, Mariam"]
[Black "Mgeladze, Kesaria"]
[Result "0-1"]
[WhiteElo "1493"]
[BlackElo "1663"]
[PlyCount "108"]
[EventDate "2022.04.21"]
[EventRounds "9"]

1. e4 {[%emt 0:00:11]} c5 {[%emt 0:00:08]} 2. Nf3 {[%emt 0:00:05]} g6 {[%emt 0:
00:53]} 3. c4 {[%emt 0:00:23]} Bg7 {[%emt 0:02:56]} 4. d4 {[%emt 0:01:26]} cxd4
{[%emt 0:01:07]} 5. Nxd4 {[%emt 0:00:04]} Nc6 {[%emt 0:02:56]} 6. Be3 {[%emt 0:
13:10]} d6 {[%emt 0:03:48]} 7. Nc3 {[%emt 0:01:23]} Nf6 {[%emt 0:03:45]} 8. Be2
{[%emt 0:01:59]} O-O {[%emt 0:00:43]} 9. O-O {[%emt 0:00:06]} a6 {[%emt 0:05:
04]} 10. Rc1 {[%emt 0:00:51]} e6 {[%emt 0:03:16]} 11. Nb3 {[%emt 0:13:23]} Qe7
{[%emt 0:21:14]} 12. Qd2 {[%emt 0:03:16]} Bd7 {[%emt 0:25:41]} 13. Rfd1 {
[%emt 0:03:06]} Rfc8 {[%emt 0:04:11]} 14. f4 {[%emt 0:18:17]} Bf8 {[%emt 0:10:
49]} 15. Bf3 {[%emt 0:02:59]} e5 {[%emt 0:05:39]} 16. Na4 {[%emt 0:03:35]} Re8
{[%emt 0:01:14]} 17. Nb6 {[%emt 0:00:36]} Rad8 {[%emt 0:00:02]} 18. Nxd7 {
[%emt 0:00:21]} Nxd7 {[%emt 0:00:47]} 19. f5 {[%emt 0:00:41]} Nc5 {[%emt 0:00:
45]} 20. fxg6 {[%emt 0:00:53]} hxg6 {[%emt 0:00:25]} 21. h4 {[%emt 0:01:35]}
Qxh4 {[%emt 0:01:16]} 22. Bg5 {[%emt 0:00:26]} Qh7 {[%emt 0:00:02]} 23. Kf2 {
[%emt 0:09:09]} Nxb3 {[%emt 0:01:01]} 24. axb3 {[%emt 0:00:34]} Be7 {[%emt 0:
00:11]} 25. Rh1 {[%emt 0:04:58]} Bxg5 {[%emt 0:00:03]} 26. Qxg5 {[%emt 0:00:21]
} Qg7 {[%emt 0:00:02]} 27. Rh2 {[%emt 0:04:28]} f6 {[%emt 0:00:08]} 28. Qd2 {
[%emt 0:00:20]} Kf7 {[%emt 0:02:48]} 29. Qd5+ {[%emt 0:02:47]} Ke7 {[%emt 0:01:
08]} 30. Bg4 {[%emt 0:03:37]} Rh8 {[%emt 0:01:33]} 31. Rch1 {[%emt 0:01:13]}
Rxh2 {[%emt 0:00:18]} 32. Rxh2 {[%emt 0:00:22]} Qf7 {[%emt 0:00:11]} 33. Qxf7+
{[%emt 0:06:15]} Kxf7 {[%emt 0:00:03]} 34. Rh7+ {[%emt 0:00:05]} Kf8 {[%emt 0:
00:45]} 35. Rxb7 {[%emt 0:01:36]} Rb8 {[%emt 0:00:41]} 36. Rxb8+ {[%emt 0:00:
43]} Nxb8 {[%emt 0:00:03]} 37. Ke3 {[%emt 0:01:41]} a5 {[%emt 0:00:52]} 38. Kd3
{[%emt 0:00:25]} Na6 {[%emt 0:00:09]} 39. Kc3 {[%emt 0:00:38]} Kg7 {[%emt 0:00:
33]} 40. Bd7 {[%emt 0:00:46]} Nb4 {[%emt 0:00:24]} 41. Be8 {[%emt 0:01:02]} Kh6
{[%emt 0:01:36]} 42. c5 {[%emt 0:11:07]} dxc5 {[%emt 0:00:31]} 43. Kc4 {
[%emt 0:00:31]} f5 {[%emt 0:02:54]} 44. exf5 {[%emt 0:02:05]} gxf5 {[%emt 0:00:
06]} 45. Kc3 {[%emt 0:03:38]} Kg5 {[%emt 0:03:42]} 46. Kd2 {[%emt 0:01:09]} Kf4
{[%emt 0:01:06]} 47. Bd7 {[%emt 0:00:18]} e4 {[%emt 0:01:08]} 48. Be6 {[%emt 0:
01:08]} Ke5 {[%emt 0:01:46]} 49. Bd7 {[%emt 0:00:21]} f4 {[%emt 0:00:18]} 50.
Bg4 {[%emt 0:00:14]} Kd4 {[%emt 0:00:31]} 51. Be2 {[%emt 0:00:16]} Nd3 {
[%emt 0:00:23]} 52. Bf1 {[%emt 0:00:54]} Nxb2 {[%emt 0:00:20]} 53. Be2 {
[%emt 0:00:08]} c4 {[%emt 0:00:59]} 54. bxc4 {[%emt 0:00:04]} Nxc4+ {[%emt 0:
00:03]} 0-1